Estadísticas para Los fichajes más caros del fútbol - Temporada 2020-2021

Haz click aquí para intentar la prueba.

Estadísticas generales

  • Esta prueba ha sido intentada 42 veces
  • La puntuación promedio es 8 de 10

Estadísticas de respuestas

Coste (M €)NacionalidadÚltimo clubNuevo clubJugador% Correcto
60,00Bosnia y HerzegovinaJuventusFC BarcelonaMiralem Pjanic
95%
50,00GhanaAtlètico MadridArsenalThomas Partey
92%
80,00AlemaniaBayer LeverkusenChelseaKai Havertz
90%
49,00AlemaniaManchester CityBayern MúnichLeroy Sané
87%
53,00AlemaniaRB LeipzigChelseaTimo Werner
85%
71,60PortugalBenficaManchester CityRúben Dias
82%
75,00NigeriaLOSC LIlleNápolesVictor Osimhen
79%
80,60BrasilFC BarcelonaJuventusArthur Melo
77%
50,00ArgentinaInterPSGMauro Icardi
74%
50,20InglaterraLiecester CityChelseaBen Chilwell
46%

Distribución de puntuación

Porcentaje por número respondido

Porcentaje de gente con cada puntuación

Historial de tus puntuaciones

No has intentado esta prueba.